[Event "Finistere-chB 0405"]
[Site "Finistere"]
[Date "2005.05.03"]
[Round "6"]
[White "Catusse, Didier"]
[Black "Ben Khelil, Akram"]
[Result "1-0"]
[WhiteElo "1490"]
[BlackElo "1600"]
[PlyCount "43"]
[EventDate "2004.10.16"]
[EventType "swiss"]
[EventRounds "7"]
[EventCountry "FRA"]
[SourceTitle "EXT 2007"]
[Source "ChessBase"]
[SourceDate "2006.11.23"]
[SourceVersion "1"]
[SourceVersionDate "2006.11.23"]
[SourceQuality "1"]

1. e4 e6 2. d4 d5 3. Nc3 Bb4 4. a3 Bxc3+ 5. bxc3 dxe4 6. Qg4 g6 7. Qxe4 Nc6 8. Bb5 Bd7 9. Nf3 a6 10. Bd3 Nf6 11. Qe2 Qe7 12. Ne5 Nd5 13. Bd2 Nxe5 14. Qxe5 f6 15. Qg3 Rc8 16. 0-0 Qf7 17. Rfe1 c5 18. Qd6 cxd4 19. Qxd5 dxc3 20. Bh6 Bc6 21. Qd4 Bd5 22. Qxd5 1-0

[Event "Finistere-chT 0102"]
[Site "Finistere"]
[Date "2001.11.10"]
[Round "2.20"]
[White "Catusse, Didier"]
[Black "Coriou, Severine"]
[Result "1-0"]
[WhiteElo "1490"]
[BlackElo "1050"]
[PlyCount "99"]
[EventDate "2001.??.??"]
[EventType "team"]
[EventRounds "7"]
[EventCountry "FRA"]
[SourceTitle "EXT 2003"]
[Source "ChessBase"]
[SourceDate "2002.11.25"]
[SourceVersion "1"]
[SourceVersionDate "2002.11.25"]
[SourceQuality "1"]

1. e4 e5 2. Nf3 Nc6 3. d4 d5 4. dxe5 dxe4 5. Qxd8+ Nxd8 6. Nd4 Bc5 7. c3 Ne7 8. Bc4 0-0 9. 0-0 Ndc6 10. Nxc6 Nxc6 11. Bf4 Be6 12. Bb5 Ne7 13. Nd2 Bd5 14. b4 Bb6 15. c4 Bc6 16. Bxc6 Nxc6 17. c5 Rad8 18. cxb6 cxb6 19. Nxe4 Nxb4 20. a3 Nc2 21. Ra2 Nd4 22. Rd2 b5 23. Rfd1 Nc6 24. Rxd8 Nxd8 25. Be3 a5 26. Rc1 Nc6 27. f4 b4 28. axb4 axb4 29. Nd6 Na5 30. Rc8 b3 31. Rxf8+ Kxf8 32. Bd4 Nc6 33. Bc3 f6 34. Kf2 Na5 35. Ke2 Ke7 36. Kd2 Kd7 37. Bxa5 Kc6 38. Kc3 b5 39. Kxb3 Kd5 40. Bc3 fxe5 41. fxe5 Kc6 42. Kb4 g5 43. Nxb5 g4 44. e6 h5 45. h4 g3 46. Kc4 Kb6 47. e7 Kc6 48. e8Q+ Kb6 49. Qd7 Ka6 50. Qa7# 1-0

[Event "Finistere-chT 0102"]
[Site "Finistere"]
[Date "2001.10.20"]
[Round "1.5"]
[White "Jolly, Jean Francois"]
[Black "Catusse, Didier"]
[Result "1-0"]
[WhiteElo "1880"]
[BlackElo "1490"]
[PlyCount "89"]
[EventDate "2001.??.??"]
[EventType "team"]
[EventRounds "7"]
[EventCountry "FRA"]
[SourceTitle "EXT 2003"]
[Source "ChessBase"]
[SourceDate "2002.11.25"]
[SourceVersion "1"]
[SourceVersionDate "2002.11.25"]
[SourceQuality "1"]

1. d4 Nf6 2. c4 d5 3. Nc3 e6 4. Bg5 dxc4 5. e4 Be7 6. Nf3 0-0 7. Bxc4 Nfd7 8. Bxe7 Qxe7 9. 0-0 c6 10. Re1 Qf6 11. e5 Qe7 12. Qd3 Nb6 13. Bb3 N8d7 14. Bc2 f5 15. exf6 Nxf6 16. Ng5 g6 17. Bb3 Nbd5 18. Nxd5 Nxd5 19. Bxd5 cxd5 20. Nf3 Bd7 21. Qb3 Bc6 22. Ne5 Rf4 23. Rad1 Qe8 24. Qb4 Rf6 25. Qd6 Qf8 26. Qxf8+ Raxf8 27. Ng4 Rf4 28. f3 Re8 29. Kf2 h5 30. Kg3 Rff8 31. Ne5 Rf6 32. Rc1 Rc8 33. b4 a6 34. a4 Rff8 35. Nxg6 Rfe8 36. b5 axb5 37. axb5 Bd7 38. Rxc8 Rxc8 39. Ne7+ Kf7 40. Nxc8 Bxc8 41. Rc1 Bd7 42. Rc7 Ke8 43. Rxb7 Kd8 44. Rxd7+ Kxd7 45. Kf4 1-0

[Event "Finistere-chT 0001"]
[Site "Finistere"]
[Date "2001.03.24"]
[Round "6.19"]
[White "Larrieu, Jean Claude"]
[Black "Catusse, Didier"]
[Result "0-1"]
[WhiteElo "1330"]
[BlackElo "1390"]
[PlyCount "114"]
[EventDate "2000.??.??"]
[EventType "team"]
[EventRounds "7"]
[EventCountry "FRA"]
[SourceTitle "EXT 2003"]
[Source "ChessBase"]
[SourceDate "2002.11.25"]
[SourceVersion "1"]
[SourceVersionDate "2002.11.25"]
[SourceQuality "1"]

1. c4 e6 2. g3 d5 3. cxd5 exd5 4. a3 Nf6 5. d4 Be7 6. Bg2 0-0 7. Nc3 c6 8. Nf3 Bd6 9. 0-0 Nbd7 10. Qc2 Nb6 11. b3 Bg4 12. e3 Qd7 13. Ne2 Bf5 14. Qb2 Ne4 15. Ne5 Bxe5 16. dxe5 Rfe8 17. f3 Nc5 18. Qc3 Qc7 19. Nd4 Be6 20. a4 a5 21. Ba3 Nbd7 22. f4 g6 23. Nxe6 fxe6 24. b4 Nxa4 25. Qd2 axb4 26. Bxb4 c5 27. Bc3 Nxc3 28. Qxc3 Rxa1 29. Rxa1 b5 30. Bf1 Rb8 31. Qa5 c4 32. Rb1 Qc5 33. Kf2 Qb6 34. Qb4 Kf7 35. f5 exf5 36. Bg2 Ke6 37. Qd2 Qc5 38. Qd4 Qxd4 39. exd4 b4 40. Bf3 b3 41. Bd1 Ra8 42. Bxb3 cxb3 43. Rxb3 Ra2+ 44. Kf3 Rxh2 45. Ra3 Rb2 46. Kf4 h6 47. g4 Rb4 48. gxf5+ gxf5 49. Ra6+ Rb6 50. Ra4 Rc6 51. Ke3 Nxe5 52. dxe5 Kxe5 53. Rh4 Rd6 54. Kd3 d4 55. Rh5 Rf6 56. Ke2 Ke4 57. Rh4+ f4 0-1